South Eastern Kenya University

Library Online Public Access Catalogue


Nature's healing arts : (Record no. 8653)

MARC details
000 -LEADER
fixed length control field 00927cam a2200265 i 4500
001 - CONTROL NUMBER
control field 2235919
003 - CONTROL NUMBER IDENTIFIER
control field OSt
005 - DATE AND TIME OF LATEST TRANSACTION
control field 20150903115846.0
008 - FIXED-LENGTH DATA ELEMENTS--GENERAL INFORMATION
fixed length control field 771102s1977 dcua b 001 0 eng
010 ## - LIBRARY OF CONGRESS CONTROL NUMBER
LC control number 76057001
020 ## - INTERNATIONAL STANDARD BOOK NUMBER
International Standard Book Number 0870442325 :
Terms of availability $5.75
040 ## - CATALOGING SOURCE
Original cataloging agency SEKU
050 00 - LIBRARY OF CONGRESS CALL NUMBER
Classification number RS 164
Item number .A3
100 1# - MAIN ENTRY--PERSONAL NAME
Personal name Aikman, Lonnelle.
245 10 - TITLE STATEMENT
Title Nature's healing arts :
Remainder of title from folk medicine to modern drugs
Statement of responsibility, etc. by Lonnelle Aikman ; photos. by Nathan Benn and Ira Block ; paintings by Tony Chen ; prepared by the Special Publications Division.
260 ## - PUBLICATION, DISTRIBUTION, ETC. (IMPRINT)
Place of publication, distribution, etc. Washington :
Name of publisher, distributor, etc. National Geographic Society,
Date of publication, distribution, etc. c1977.
300 ## - PHYSICAL DESCRIPTION
Extent 199 p. :
Other physical details ill. ;
Dimensions 27 cm.
500 ## - GENERAL NOTE
General note Includes index.
504 ## - BIBLIOGRAPHY, ETC. NOTE
Bibliography, etc Bibliography: p. 196.
650 #0 - SUBJECT ADDED ENTRY--TOPICAL TERM
Topical term or geographic name as entry element Materia medica, Vegetable.
650 #0 - SUBJECT ADDED ENTRY--TOPICAL TERM
Topical term or geographic name as entry element Traditional medicine.
650 #0 - SUBJECT ADDED ENTRY--TOPICAL TERM
Topical term or geographic name as entry element Pharmacognosy.
710 2# - ADDED ENTRY--CORPORATE NAME
Corporate name or jurisdiction name as entry element National Geographic Society (U.S.).
Subordinate unit Special Publications Division.
942 ## - ADDED ENTRY ELEMENTS (KOHA)
Source of classification or shelving scheme Library of Congress Classification
Koha item type General circulation
Holdings
Withdrawn status Lost status Source of classification or shelving scheme Damaged status Not for loan Home library Current library Shelving location Date acquired Source of acquisition Total Checkouts Full call number Barcode Date last seen Price effective from Koha item type Public note
    Library of Congress Classification     Wote Campus Library Wote Campus Library General Stacks 03/09/2015 Donation Books From Africa   RS 164 .A3 2015/007137 03/09/2015 03/09/2015 General circulation amk
Kitui, Kenya.
+254736116989
library@seku.ac.ke